00298nam a2200121Ia 4500008004100000041000800041082001200049100001700061245002200078260003500100300003000135365001100165240624s9999 xx 000 0 und d aeng a332 GIB aGIBSON NIGEL aESSENTIAL FINANCE c2006aNew DelhibThe Economist avi, : 314 : p. : cm. ; 21 cRSb33